MARC details
| 000 -CABECERA |
| campo de control de longitud fija |
02152cam a22002778i 4500 |
| 001 - NÚMERO DE CONTROL |
| campo de control |
23365970 |
| 005 - FECHA Y HORA DE LA ÚLTIMA TRANSACCIÓN |
| campo de control |
20250617090323.0 |
| 008 - DATOS DE LONGITUD FIJA--INFORMACIÓN GENERAL |
| campo de control de longitud fija |
231027s2024 mau b 001 0 eng |
| 010 ## - NÚMERO DE CONTROL DE LA BIBLIOTECA DEL CONGRESO |
| Número de control de LC |
2023049616 |
| 020 ## - NÚMERO INTERNACIONAL ESTÁNDAR DEL LIBRO |
| Número Internacional Estándar del Libro |
9781647826239 |
| Información calificativa |
(hardcover) |
| 040 ## - FUENTE DE LA CATALOGACIÓN |
| Centro catalogador/agencia de origen |
DLC |
| Lengua de catalogación |
eng |
| Normas de descripción |
rda |
| Centro/agencia transcriptor |
DLC |
| 041 ## - CÓDIGO DE LENGUA |
| Código de lengua del texto/banda sonora o título independiente |
English |
| 042 ## - CÃDIGO DE AUTENTICACIÃN |
| Código de autenticación |
pcc |
| 050 00 - SIGNATURA TOPOGRÁFICA DE LA BIBLIOTECA DEL CONGRESO |
| Número de clasificación |
HD58.8 |
| Número de documento/Ítem |
.D4 2024 |
| 100 ## - ENTRADA PRINCIPAL--NOMBRE DE PERSONA |
| Nombre de persona |
De Cremer, David, |
| Término indicativo de función/relación |
author. |
| 9 (RLIN) |
25489 |
| 245 14 - MENCIÓN DE TÍTULO |
| Título |
The AI-savvy leader |
| Resto del título |
: 9 ways to take back control and make ai work |
| Mención de responsabilidad, etc. |
/ David De Cremer. |
| 264 #1 - PRODUCCIÓN, PUBLICACIÓN, DISTRIBUCIÓN, FABRICACIÓN Y COPYRIGHT |
| Producción, publicación, distribución, fabricación y copyright |
Boston, Massachusetts : |
| Nombre del de productor, editor, distribuidor, fabricante |
Harvard Business Review Press, |
| Fecha de producción, publicación, distribución, fabricación o copyright |
[2024] |
| 300 ## - DESCRIPCIÓN FÍSICA |
| Extensión |
vi, 216 pages ; 22 cm |
| 504 ## - NOTA DE BIBLIOGRAFÍA, ETC. |
| Nota de bibliografía, etc. |
Includes bibliographical references and index. |
| 520 ## - SUMARIO, ETC. |
| Sumario, etc. |
"AI is coming fast and will affect every part of a business, including the role of the leader. And up until now, leaders have largely ceded their role in the transformation-pushing determination of strategy out to tech teams and leaving investment decisions with groups that don't have a full view of the organization. Just when responsible leadership is more imperative than ever, leaders are not stepping up to understand and execute in the new world of human-machine collaboration. A generation of AI transformation failures awaits if leaders don't connect their use of AI to their strategies. This book helps leaders retake control of the wildly rapid deployment of AI across organizations. It outlines cleanly and concisely nine actions leaders need to take to successfully steward a transition to a more AI-centric future that will lead to growth for all-companies and workers-and avoid the kinds of mistakes that author David De Cremer has seen many early adopters already make. This is not a book about AI technology itself or the latest developments in machine learning but rather a clarion call for leaders to take their rightful place at the front of the AI revolution and lead their organization into the new world"-- |
| Fuente proveedora |
Provided by publisher. |
| 650 #0 - PUNTO DE ACCESO ADICIONAL DE MATERIA--TÉRMINO DE MATERIA |
| Término de materia o nombre geográfico como elemento de entrada |
Organizational change |
| 9 (RLIN) |
2599 |
| 650 #0 - PUNTO DE ACCESO ADICIONAL DE MATERIA--TÉRMINO DE MATERIA |
| Término de materia o nombre geográfico como elemento de entrada |
Leadership |
| 9 (RLIN) |
2600 |
| 650 #0 - PUNTO DE ACCESO ADICIONAL DE MATERIA--TÉRMINO DE MATERIA |
| Término de materia o nombre geográfico como elemento de entrada |
Technological innovations |
| 9 (RLIN) |
4276 |
| 650 #0 - PUNTO DE ACCESO ADICIONAL DE MATERIA--TÉRMINO DE MATERIA |
| Término de materia o nombre geográfico como elemento de entrada |
Artificial Intelligence |
| Subdivisión general |
Economic aspects.. |
| 942 ## - ELEMENTOS DE ENTRADA AGREGADA (KOHA) |
| Fuente del sistema de clasificación o colocación |
Clasificación de Library of Congress |